000 00322nam a2200145Ia 4500
100 _aJensen/Louis E.
942 _cBK
654 _aAutomobile technology
245 _aAutomobile science and technology
260 _bTaraporevala
_aMumbai
082 _a6229.2
_bJEN
300 _a177
546 _aENGLISH
999 _c32317
_d32317